00338 a2200109 4500001001000000005001700010008004100027245005800068100001700126773006800143999001700211ART_1905920260410161920.0260409a 10aPresunciones legales en la determinación impositiva1 aJarach, Dino0 tLa informacióng- Tomo XXXVIII, Nº 588 (dic. 1978)wREV14902 c27662d27662